00882 2200325 4500001002100000005001500021035002000036245005500056100002800111300003000139700002200169700002600191700003000217264005100247336002100298337003000319338001800349082001200367084001800379008004100397650001400438990001300452990001300465990001300478990001300491990001300504990001300517990001300530990001300543INLIS00000000000237820250813114728 a0010-08250001081 aKoping Cerdas Psikologis Sejahtera /cSri Angriani0 aSri AngrianiePengarang a10 hlm :bilus ;c14,5 cm0 aRahmanePengarang0 aRusni MatoePengarang0 aLeonita SambenePengarang aMakassar :bKemenkes Poltekkes Makassar,c2025 2rdacontentaTeks 2rdamediaaTanpa perantara 2rdacarriera_ a155.904 a155.904 SRI k250813 0  4apsikologi a25000586 a25000587 a25000588 a25000589 a25000590 a25000591 a25000592 a25000593